Počítačová kriminalita

Stav a dynamika trestnej činnosti spojenej s výpočtovou technikou v Českej republike. Návrh represívnych a preventívnych opatrení.

Guardado en:
Detalles Bibliográficos
Autor principal: Svatoš, Roman
Formato: Capítulo de libro
Lenguaje:checo
Materias:
Etiquetas: Agregar Etiqueta
Sin Etiquetas, Sea el primero en etiquetar este registro!

MARC

LEADER 00000naa a2200000 4500
001 0176532
005 20220714120635.0
041 0 |a cze 
044 |a CZ 
245 1 0 |a Počítačová kriminalita  |c Roman Svatoš 
520 |a Stav a dynamika trestnej činnosti spojenej s výpočtovou technikou v Českej republike. Návrh represívnych a preventívnych opatrení. 
610 2 0 |a Česko 
610 2 0 |a kriminalita počítačová 
610 2 0 |a systémy informačné 
610 2 0 |a technológie informačné 
610 2 0 |a technika výpočtová 
100 1 |a Svatoš, Roman